Central Library OPAC University of Rajshahi

Egypt in revolution : (Record no. 51979)

MARC details
000 -LEADER
fixed length control field 00853nam a2200253 a 4500
001 - CONTROL NUMBER
control field 51979
003 - CONTROL NUMBER IDENTIFIER
rucl marc code BD-RjUL
005 - DATE AND TIME OF LATEST TRANSACTION
control field 20211209075734.0
008 - FIXED-LENGTH DATA ELEMENTS--GENERAL INFORMATION
fixed length control field 160905r1963 enka 000 0 eng
035 ## - SYSTEM CONTROL NUMBER
System control number (BD-RjUL) 52099
System control number (OCoLC)285189
040 ## - CATALOGING SOURCE
Original cataloging agency DLC
Transcribing agency OYU
Modifying agency OCoLC
-- Uk
-- BD-RjUL
Language of cataloging eng
041 ## - LANGUAGE CODE
Language code of text/sound track or separate title eng
082 ## - DEWEY DECIMAL CLASSIFICATION NUMBER
Classification number 330.962
Edition number 23
Author mark and year ISE 1965
099 ## - LOCAL FREE-TEXT CALL NUMBER (OCLC)
Bangla Class number
100 1# - MAIN ENTRY--PERSONAL NAME
Personal name Issawi, Charles Philip.
9 (RLIN) 155444
245 10 - TITLE STATEMENT
Title Egypt in revolution :
Remainder of title an economic analysis /
260 ## - PUBLICATION, DISTRIBUTION, ETC. (IMPRINT)
Place of publication, distribution, etc. London ;
-- New York :
Name of publisher, distributor, etc. Oxford University Press,
Date of publication, distribution, etc. 1963.(reprinted 1965)
300 ## - PHYSICAL DESCRIPTION
Pagination xiv, 343 p. :
Illustrations tables. ;
Size 23 cm.
500 ## - GENERAL NOTE
General note "Issued under the auspices of the Royal Institute of International Affairs."
General note "Select UAR official periodical publications": p. 333-336.
651 #0 - SUBJECT ADDED ENTRY--GEOGRAPHIC NAME
Geographic name Egypt
General subdivision Economic conditions.
9 (RLIN) 141719
942 ## - ADDED ENTRY ELEMENTS (KOHA)
Source of classification or shelving scheme Dewey Decimal Classification
Koha item type Books
Holdings
Lost status Source of classification or shelving scheme Damaged status Not for loan Collection code Permanent Location Current Location Shelving location Date acquired Source of acquisition Cost, normal purchase price Total Checkouts Full call number Date last seen Copy number Koha item type
  Dewey Decimal Classification     Non-fiction Central Library, University of Rajshahi Central Library, University of Rajshahi   24/10/1970 Sweets and zeitlinger 50.00   330.962 ISE 1965 05/09/2016 C-2 Books
  Dewey Decimal Classification     Non-fiction Central Library, University of Rajshahi Central Library, University of Rajshahi   13/01/1965 Book centre 33.75   330.962 ISE 1965 17/12/2016 C-3 Books